[Event "Ch_SFO"]
[Site "?"]
[Date "2018.03.17"]
[Round "4.14"]
[White "Grachev, Alexey"]
[Black "Beletsky, Alexey"]
[Result "1/2-1/2"]
[BlackElo "2370"]
[WhiteElo "2088"]
[LiveChessVersion "1.4.8"]

1. e4 {[%clk 1:30:56]} d6 {[%clk 1:30:30]} 2. Nc3 {[%clk 1:30:46]} Nf6
{[%clk 1:30:38]} 3. f4 {[%clk 1:31:09]} g6 {[%clk 1:30:50]} 4. d4
{[%clk 1:31:31]} Bg7 {[%clk 1:31:11]} 5. Nf3 {[%clk 1:31:54]} O-O
{[%clk 1:31:34]} 6. Bd3 {[%clk 1:32:18]} Na6 {[%clk 1:31:42]} 7. O-O
{[%clk 1:32:31]} c5 {[%clk 1:31:56]} 8. d5 {[%clk 1:32:54]} Bg4 {[%clk 1:32:06]}
9. Be3 {[%clk 1:27:36]} Rb8 {[%clk 1:31:51]} 10. a4 {[%clk 1:26:35]} Bxf3
{[%clk 1:30:13]} 11. Qxf3 {[%clk 1:26:40]} Nb4 {[%clk 1:30:28]} 12. Rad1
{[%clk 1:22:45]} Nxd3 {[%clk 1:27:43]} 13. Rxd3 {[%clk 1:22:26]} a6
{[%clk 1:27:25]} 14. Re1 {[%clk 1:14:53]} Nd7 {[%clk 1:21:53]} 15. e5
{[%clk 1:10:19]} dxe5 {[%clk 1:19:33]} 16. f5 {[%clk 1:10:43]} c4
{[%clk 1:11:44]} 17. Rdd1 {[%clk 1:09:15]} Nf6 {[%clk 1:04:55]} 18. Bf2
{[%clk 1:05:18]} Qd6 {[%clk 1:00:48]} 19. Ne4 {[%clk 0:58:17]} Nxe4
{[%clk 0:59:28]} 20. Rxe4 {[%clk 0:58:31]} Rbc8 {[%clk 0:56:21]} 21. Bh4
{[%clk 0:47:32]} Qd7 {[%clk 0:51:11]} 22. f6 {[%clk 0:40:37]} exf6
{[%clk 0:51:31]} 23. Bxf6 {[%clk 0:41:01]} Bxf6 {[%clk 0:44:40]} 24. Qxf6
{[%clk 0:41:21]} Qxa4 {[%clk 0:45:02]} 25. Rxe5 {[%clk 0:36:51]} Qxc2
{[%clk 0:45:04]} 26. Ree1 {[%clk 0:37:02]} c3 {[%clk 0:37:29]} 27. bxc3
{[%clk 0:36:03]} Qxc3 {[%clk 0:37:46]} 28. Qxc3 {[%clk 0:22:02]} Rxc3
{[%clk 0:38:11]} 29. Re7 {[%clk 0:22:16]} b5 {[%clk 0:31:18]} 30. d6
{[%clk 0:20:45]} Rcc8 {[%clk 0:30:08]} 31. Kf2 {[%clk 0:19:27]} Rfd8
{[%clk 0:27:01]} 32. Kg3 {[%clk 0:18:26]} b4 {[%clk 0:18:47]} 33. Rf1
{[%clk 0:13:18]} Rf8 {[%clk 0:19:06]} 34. d7 {[%clk 0:11:08]} Rb8
{[%clk 0:18:42]} 35. Rfe1 {[%clk 0:11:31]} Kg7 {[%clk 0:17:50]} 36. Kf4
{[%clk 0:08:51]} b3 {[%clk 0:17:43]} 37. Ke5 {[%clk 0:08:56]} b2 {[%clk 0:16:56]}
38. Rb1 {[%clk 0:09:21]} a5 {[%clk 0:16:46]} 39. Kd6 {[%clk 0:09:45]} a4
{[%clk 0:16:45]} 40. Re3 {[%clk 0:10:11]} Rb4 {[%clk 0:13:28]} 41. Kc5
{[%clk 0:10:25]} Rb7 {[%clk 0:12:33]} 42. Kc6 {[%clk 0:10:49]} Rb4
{[%clk 0:12:50]} 43. Kc5 {[%clk 0:11:00]} Rb7 {[%clk 0:11:41]} 44. Kc6
{[%clk 0:11:27]} Rb4 {[%clk 0:12:06]} 1/2-1/2

[Event "Ch_SFO"]
[Site "?"]
[Date "2018.03.17"]
[Round "4.15"]
[White "Khubukshanov, Erdem"]
[Black "Piskunov, Alexandr"]
[Result "0-1"]
[BlackElo "2356"]
[WhiteElo "2046"]
[LiveChessVersion "1.4.8"]

1. e4 d6 {[%clk 1:30:41]} 2. d4 {[%clk 1:30:17]} Nf6 {[%clk 1:31:02]} 3. Nc3
{[%clk 1:30:34]} e5 {[%clk 1:31:29]} 4. Nf3 {[%clk 1:30:52]} Nbd7
{[%clk 1:31:57]} 5. Bc4 {[%clk 1:30:48]} Be7 {[%clk 1:32:25]} 6. O-O
{[%clk 1:30:35]} O-O {[%clk 1:32:52]} 7. Re1 {[%clk 1:30:22]} c6 {[%clk 1:33:19]}
8. a4 {[%clk 1:29:53]} exd4 {[%clk 1:33:47]} 9. Nxd4 {[%clk 1:28:51]} Ne5
{[%clk 1:34:15]} 10. Bf1 {[%clk 1:27:19]} Re8 {[%clk 1:34:43]} 11. b3
{[%clk 1:23:57]} d5 {[%clk 1:29:25]} 12. exd5 {[%clk 1:07:02]} Bb4
{[%clk 1:28:27]} 13. Bd2 {[%clk 1:05:43]} Qa5 {[%clk 1:28:16]} 14. Re3
{[%clk 0:56:09]} Nxd5 {[%clk 1:24:05]} 15. Nxd5 {[%clk 0:55:42]} Bxd2
{[%clk 1:24:33]} 16. Re2 {[%clk 0:55:43]} Bh6 {[%clk 1:19:41]} 17. Ne3
{[%clk 0:54:28]} Rd8 {[%clk 1:17:39]} 18. Nc4 {[%clk 0:43:25]} Nxc4
{[%clk 1:16:41]} 19. bxc4 {[%clk 0:43:46]} Bg4 {[%clk 1:16:47]} 20. f3
{[%clk 0:44:09]} Be6 {[%clk 1:11:58]} 0-1

[Event "Ch_SFO"]
[Site "?"]
[Date "2018.03.17"]
[Round "4.16"]
[White "Boiarintsev, Vitaly"]
[Black "Yangutov, Aleksey"]
[Result "1-0"]
[BlackElo "2100"]
[WhiteElo "2342"]
[LiveChessVersion "1.4.8"]

1. e4 {[%clk 1:29:21]} c5 {[%clk 1:30:55]} 2. Nf3 {[%clk 1:29:42]} Nc6
{[%clk 1:31:19]} 3. d4 {[%clk 1:30:09]} cxd4 {[%clk 1:31:39]} 4. Nxd4
{[%clk 1:30:34]} Nf6 {[%clk 1:32:01]} 5. Nc3 {[%clk 1:31:01]} e5 {[%clk 1:32:23]}
6. Ndb5 {[%clk 1:31:27]} d6 {[%clk 1:32:47]} 7. Bg5 {[%clk 1:31:54]} a6
{[%clk 1:33:10]} 8. Na3 {[%clk 1:32:22]} b5 {[%clk 1:33:33]} 9. Nd5
{[%clk 1:32:50]} Be7 {[%clk 1:32:53]} 10. Bxf6 {[%clk 1:33:13]} Bxf6
{[%clk 1:33:18]} 11. c3 {[%clk 1:33:38]} O-O {[%clk 1:33:39]} 12. Nc2
{[%clk 1:33:57]} Bg5 {[%clk 1:34:03]} 13. h4 {[%clk 1:34:21]} Bh6
{[%clk 1:34:26]} 14. Bd3 {[%clk 1:34:29]} Be6 {[%clk 1:34:49]} 15. a4
{[%clk 1:32:47]} bxa4 {[%clk 1:34:28]} 16. Rxa4 {[%clk 1:32:52]} a5
{[%clk 1:34:51]} 17. Nce3 {[%clk 1:32:52]} Bxe3 {[%clk 1:30:54]} 18. fxe3
{[%clk 1:21:57]} Bxd5 {[%clk 1:22:30]} 19. exd5 {[%clk 1:22:18]} Ne7
{[%clk 1:22:57]} 20. Rh3 {[%clk 1:16:54]} f5 {[%clk 1:22:54]} 21. g4
{[%clk 1:16:30]} Qb6 {[%clk 1:14:42]} 22. b3 {[%clk 1:15:50]} Qc5
{[%clk 1:04:38]} 23. Rc4 {[%clk 1:15:08]} Qxd5 {[%clk 1:00:51]} 24. gxf5
{[%clk 1:13:37]} Qb7 {[%clk 0:49:17]} 25. Rg4 {[%clk 1:10:56]} Kh8
{[%clk 0:40:29]} 26. e4 {[%clk 0:50:22]} Rac8 {[%clk 0:27:25]} 27. Bc4
{[%clk 0:45:38]} h5 {[%clk 0:26:21]} 28. Rg5 {[%clk 0:30:09]} Qxe4+
{[%clk 0:26:36]} 29. Kd2 {[%clk 0:29:40]} Nxf5 {[%clk 0:03:43]} 30. Bd3
{[%clk 0:28:11]} Qf4+ {[%clk 0:04:01]} 31. Kc2 {[%clk 0:28:21]} e4
{[%clk 0:03:51]} 32. Bc4 {[%clk 0:28:05]} Qf2+ {[%clk 0:01:49]} 33. Kc1
{[%clk 0:28:12]} Nh6 {[%clk 0:01:29]} 34. Rhg3 {[%clk 0:26:16]} Rxc4
{[%clk 0:00:50]} 35. bxc4 {[%clk 0:26:14]} Rb8 {[%clk 0:00:58]} 36. Rg2
{[%clk 0:26:06]} Qf4+ {[%clk 0:01:12]} 37. Kc2 {[%clk 0:25:55]} e3
{[%clk 0:00:59]} 38. Qd4 {[%clk 0:26:02]} Qxd4 {[%clk 0:00:42]} 39. cxd4
{[%clk 0:26:24]} Re8 {[%clk 0:00:47]} 40. Kd3 {[%clk 0:26:29]} Nf7
{[%clk 0:00:45]} 41. Rxh5+ {[%clk 0:26:38]} Kg8 {[%clk 0:01:14]} 42. Rxa5
{[%clk 0:26:52]} d5 {[%clk 0:01:01]} 43. Rxd5 1-0

[Event "Ch_SFO"]
[Site "?"]
[Date "2018.03.17"]
[Round "4.17"]
[White "Tokmashov, Maxim"]
[Black "Kalabukhov, Bogdan"]
[Result "0-1"]
[BlackElo "2326"]
[WhiteElo "2072"]
[LiveChessVersion "1.4.8"]

1. d4 {[%clk 1:28:53]} d5 {[%clk 1:30:56]} 2. Bf4 {[%clk 1:29:14]} c5
{[%clk 1:30:02]} 3. e3 {[%clk 1:29:26]} Nc6 {[%clk 1:30:03]} 4. c3
{[%clk 1:29:49]} Bf5 {[%clk 1:27:16]} 5. Nd2 {[%clk 1:29:36]} e6 {[%clk 1:17:05]}
6. Ngf3 {[%clk 1:29:12]} Nf6 {[%clk 1:11:09]} 7. Qb3 {[%clk 1:29:14]} Qb6
{[%clk 1:10:58]} 8. Qxb6 {[%clk 1:26:36]} axb6 {[%clk 1:11:24]} 9. Bb5
{[%clk 1:10:51]} Nd7 {[%clk 1:06:04]} 10. O-O {[%clk 1:08:36]} Na7
{[%clk 1:05:08]} 11. Be2 {[%clk 1:06:51]} Be7 {[%clk 1:03:43]} 12. Ne5
{[%clk 1:04:34]} g5 {[%clk 0:59:29]} 13. Bg3 {[%clk 1:02:41]} h5 {[%clk 0:59:03]}
14. Nxd7 {[%clk 1:01:41]} Kxd7 {[%clk 0:58:10]} 15. f3 {[%clk 1:01:53]} h4
{[%clk 0:56:54]} 16. Bf2 {[%clk 1:02:14]} c4 {[%clk 0:57:14]} 17. e4
{[%clk 0:55:59]} Bg6 {[%clk 0:57:16]} 18. Bd1 {[%clk 0:40:21]} b5
{[%clk 0:55:33]} 19. a3 {[%clk 0:40:24]} Nc8 {[%clk 0:54:02]} 20. Bc2
{[%clk 0:39:58]} Nb6 {[%clk 0:52:30]} 21. Rfb1 {[%clk 0:29:47]} Ra6
{[%clk 0:51:25]} 22. Be1 {[%clk 0:27:10]} Rha8 {[%clk 0:50:51]} 23. Nf1
{[%clk 0:27:32]} g4 {[%clk 0:36:19]} 24. Ne3 {[%clk 0:25:23]} gxf3
{[%clk 0:36:24]} 25. gxf3 {[%clk 0:25:42]} Rg8 {[%clk 0:36:41]} 26. Kf2
{[%clk 0:21:12]} Bg5 {[%clk 0:33:36]} 27. Ke2 {[%clk 0:19:12]} dxe4
{[%clk 0:28:49]} 28. Bxe4 {[%clk 0:13:58]} Bxe3 {[%clk 0:19:13]} 29. Kxe3
{[%clk 0:12:33]} Nd5+ {[%clk 0:19:39]} 30. Ke2 {[%clk 0:09:13]} Nf4+
{[%clk 0:14:57]} 31. Ke3 {[%clk 0:07:27]} Ng2+ {[%clk 0:12:33]} 32. Kf2
{[%clk 0:07:28]} f5 {[%clk 0:09:10]} 33. Bxb7 {[%clk 0:03:07]} Rb6
{[%clk 0:09:12]} 34. Kxg2 {[%clk 0:02:29]} f4 {[%clk 0:09:03]} 35. Rc1
{[%clk 0:00:44]} h3+ {[%clk 0:08:43]} 36. Kh1 {[%clk 0:00:42]} Rxb7
{[%clk 0:09:12]} 37. Bd2 {[%clk 0:00:34]} Bh5 {[%clk 0:08:59]} 38. Rf1
{[%clk 0:00:51]} Rg2 {[%clk 0:08:17]} 39. Bxf4 {[%clk 0:01:12]} Rxb2
{[%clk 0:06:01]} 40. Rad1 {[%clk 0:00:45]} Kc6 {[%clk 0:04:03]} 41. Rd2
{[%clk 0:00:41]} Rxd2 {[%clk 0:04:22]} 42. Bxd2 {[%clk 0:01:09]} Rg7
{[%clk 0:04:49]} 43. Rf2 {[%clk 0:00:45]} Rg8 {[%clk 0:01:28]} 44. Bh6
{[%clk 0:00:41]} Ra8 {[%clk 0:01:04]} 45. Bc1 {[%clk 0:01:06]} Rg8 46. Bh6
{[%clk 0:01:31]} Kb6 {[%clk 0:01:48]} 47. Bf4 {[%clk 0:01:17]} Ka5
{[%clk 0:01:53]} 48. Bg3 {[%clk 0:01:21]} Ka4 {[%clk 0:02:10]} 49. Rb2
{[%clk 0:00:44]} Bxf3+ {[%clk 0:02:12]} 50. Kg1 {[%clk 0:01:10]} Rf8
{[%clk 0:02:05]} 51. Bd6 {[%clk 0:00:56]} Rf5 {[%clk 0:02:22]} 52. Kf2
{[%clk 0:00:39]} Bg2+ {[%clk 0:02:40]} 53. Ke1 {[%clk 0:00:41]} Rf3
{[%clk 0:02:39]} 54. Rb4+ {[%clk 0:00:44]} Ka5 {[%clk 0:03:07]} 55. Bc7+
{[%clk 0:00:52]} Ka6 {[%clk 0:03:36]} 56. a4 {[%clk 0:00:42]} Rxc3
{[%clk 0:01:59]} 57. Rxb5 {[%clk 0:01:04]} Re3+ {[%clk 0:02:06]} 58. Kf2
{[%clk 0:00:55]} Re4 {[%clk 0:01:34]} 59. Be5 {[%clk 0:01:03]} Rg4
{[%clk 0:01:47]} 60. Rc5 {[%clk 0:01:04]} Bd5 {[%clk 0:02:03]} 61. a5
{[%clk 0:01:15]} Rg2+ {[%clk 0:02:07]} 62. Ke3 {[%clk 0:01:30]} Ra2
{[%clk 0:02:30]} 63. Bc7 {[%clk 0:01:29]} Ra3+ {[%clk 0:02:08]} 64. Kd2
{[%clk 0:01:46]} Rd3+ {[%clk 0:02:15]} 65. Kc2 {[%clk 0:01:45]} Rxd4
{[%clk 0:02:43]} 66. Be5 {[%clk 0:01:00]} Re4 {[%clk 0:03:03]} 67. Bc7
{[%clk 0:01:24]} Re2+ {[%clk 0:03:06]} 68. Kc3 {[%clk 0:01:28]} Re3+
{[%clk 0:03:26]} 69. Kd2 {[%clk 0:01:41]} Ra3 {[%clk 0:03:41]} 70. Kc2
{[%clk 0:00:57]} Kb7 {[%clk 0:03:55]} 71. Bd6 {[%clk 0:00:57]} Ra2+
{[%clk 0:03:41]} 72. Kc3 {[%clk 0:01:15]} Ra3+ {[%clk 0:03:54]} 73. Kc2
{[%clk 0:01:45]} Rd3 {[%clk 0:03:40]} 74. Be5 {[%clk 0:01:48]} Re3
{[%clk 0:03:33]} 75. Bd6 {[%clk 0:02:02]} Ka6 {[%clk 0:03:27]} 76. Bc7
{[%clk 0:02:22]} Re2+ {[%clk 0:03:51]} 77. Kc3 {[%clk 0:02:44]} Ra2
{[%clk 0:04:15]} 78. Kb4 {[%clk 0:01:42]} Rc2 {[%clk 0:04:25]} 79. Ka3
{[%clk 0:00:41]} Re2 {[%clk 0:03:22]} 80. Bd6 {[%clk 0:00:51]} Rg2
{[%clk 0:03:22]} 81. Bc7 {[%clk 0:01:12]} c3 {[%clk 0:03:35]} 82. Be5
{[%clk 0:00:35]} c2 {[%clk 0:03:28]} 83. Kb2 {[%clk 0:00:37]} Be4
{[%clk 0:03:45]} 84. Bf4 {[%clk 0:00:38]} Rg1 {[%clk 0:03:43]} 85. Bc1
{[%clk 0:00:37]} Rh1 {[%clk 0:03:21]} 86. Re5 {[%clk 0:00:39]} Bf5
{[%clk 0:03:42]} 87. Re2 {[%clk 0:00:38]} Kxa5 {[%clk 0:04:05]} 88. Re5+
{[%clk 0:00:35]} Kb4 {[%clk 0:04:13]} 89. Re2 {[%clk 0:00:40]} Kc4
{[%clk 0:04:22]} 90. Rd2 {[%clk 0:00:35]} Rd1 {[%clk 0:04:26]} 91. Re2
{[%clk 0:00:48]} Rd7 {[%clk 0:04:41]} 92. Re3 {[%clk 0:00:57]} Rb7+
{[%clk 0:05:03]} 93. Ka3 {[%clk 0:01:14]} Rb1 {[%clk 0:05:19]} 94. Re1
{[%clk 0:00:36]} e5 {[%clk 0:05:25]} 0-1

[Event "Ch_SFO"]
[Site "?"]
[Date "2018.03.17"]
[Round "4.18"]
[White "Maleev, Pavel"]
[Black "Kalyndu, Aldynbek"]
[Result "1/2-1/2"]
[BlackElo "2088"]
[WhiteElo "2303"]
[LiveChessVersion "1.4.8"]

1. e4 {[%clk 1:24:08]} c6 {[%clk 1:29:39]} 2. d4 {[%clk 1:24:25]} d5
{[%clk 1:30:02]} 3. e5 {[%clk 1:24:52]} Bf5 {[%clk 1:29:25]} 4. Nf3
{[%clk 1:25:16]} e6 {[%clk 1:29:42]} 5. Be2 {[%clk 1:25:43]} Nd7 {[%clk 1:28:27]}
6. O-O {[%clk 1:26:04]} Ne7 {[%clk 1:28:16]} 7. b3 {[%clk 1:24:20]} c5
{[%clk 1:25:53]} 8. Bb2 {[%clk 1:22:01]} Nc6 {[%clk 1:25:39]} 9. c4
{[%clk 1:16:58]} dxc4 {[%clk 1:24:17]} 10. Bxc4 {[%clk 1:13:32]} cxd4
{[%clk 1:21:28]} 11. Nxd4 {[%clk 1:12:08]} Nxd4 {[%clk 1:20:41]} 12. Bxd4
{[%clk 1:11:56]} Be7 {[%clk 1:17:45]} 13. Qf3 {[%clk 1:09:46]} O-O
{[%clk 1:18:02]} 14. Qxb7 {[%clk 0:46:05]} Nc5 {[%clk 1:16:56]} 15. Bxc5
{[%clk 0:46:18]} Bxc5 {[%clk 1:17:19]} 16. Nc3 {[%clk 0:46:40]} Qd4
{[%clk 1:13:48]} 17. Na4 {[%clk 0:44:07]} Rab8 {[%clk 1:08:56]} 18. Qf3
{[%clk 0:44:00]} Qxe5 {[%clk 1:04:19]} 19. Rfe1 {[%clk 0:43:31]} Qc7
{[%clk 1:04:10]} 20. Nxc5 {[%clk 0:42:16]} Qxc5 {[%clk 1:04:28]} 21. Rad1
{[%clk 0:39:06]} Rfd8 {[%clk 1:02:33]} 22. h3 {[%clk 0:35:30]} a5
{[%clk 0:49:51]} 23. Qf4 {[%clk 0:33:07]} h6 {[%clk 0:47:51]} 24. g4
{[%clk 0:33:25]} Bg6 {[%clk 0:46:23]} 25. Rd2 {[%clk 0:33:24]} Qb4
{[%clk 0:42:10]} 26. Red1 {[%clk 0:32:42]} Rxd2 {[%clk 0:42:04]} 27. Qxd2
{[%clk 0:30:25]} Be4 {[%clk 0:39:57]} 28. Bf1 {[%clk 0:29:20]} Bd5
{[%clk 0:37:58]} 29. Bg2 {[%clk 0:28:49]} Bxg2 {[%clk 0:37:44]} 30. Kxg2
{[%clk 0:28:23]} Qe4+ {[%clk 0:36:04]} 31. f3 {[%clk 0:28:27]} Qe5
{[%clk 0:35:13]} 32. Qc2 {[%clk 0:28:12]} h5 {[%clk 0:32:58]} 33. Qf2
{[%clk 0:25:17]} Rc8 {[%clk 0:32:02]} 34. Re1 {[%clk 0:24:19]} Qg5
{[%clk 0:30:27]} 35. Re2 {[%clk 0:23:54]} hxg4 {[%clk 0:25:05]} 36. hxg4
{[%clk 0:24:19]} Rc1 {[%clk 0:23:55]} 37. Re1 {[%clk 0:20:49]} Rxe1
{[%clk 0:16:43]} 38. Qxe1 {[%clk 0:20:36]} Qc5 {[%clk 0:16:14]} 39. Qd2
{[%clk 0:20:49]} g5 {[%clk 0:14:02]} 40. Kf1 {[%clk 0:17:01]} Kg7
{[%clk 0:13:07]} 41. Ke2 {[%clk 0:15:30]} Kg6 {[%clk 0:12:44]} 42. Qe3
{[%clk 0:11:57]} Qc2+ {[%clk 0:12:49]} 43. Qd2 {[%clk 0:12:18]} Qc5
{[%clk 0:13:11]} 44. Qe3 {[%clk 0:02:05]} Qc2+ {[%clk 0:13:29]} 45. Qd2
{[%clk 0:02:30]} Qc5 {[%clk 0:13:52]} 46. Qd3+ {[%clk 0:02:22]} f5
{[%clk 0:13:17]} 47. Kd2 {[%clk 0:02:35]} Kh6 {[%clk 0:11:03]} 48. Qe2
{[%clk 0:02:09]} Qd5+ {[%clk 0:10:38]} 49. Kc3 {[%clk 0:02:15]} fxg4
{[%clk 0:10:08]} 50. fxg4 {[%clk 0:02:40]} e5 {[%clk 0:09:39]} 51. Qa6+
{[%clk 0:02:14]} Kg7 {[%clk 0:09:31]} 52. Qa7+ {[%clk 0:02:37]} Kh6
{[%clk 0:09:33]} 53. Qb6+ {[%clk 0:02:52]} Kg7 {[%clk 0:09:42]} 54. Qc7+
{[%clk 0:02:52]} Kh6 {[%clk 0:09:59]} 55. Qb6+ {[%clk 0:02:08]} Kg7
{[%clk 0:10:18]} 56. Qa7+ {[%clk 0:01:04]} Kh6 {[%clk 0:10:38]} 1/2-1/2

[Event "Ch_SFO"]
[Site "?"]
[Date "2018.03.17"]
[Round "4.19"]
[White "Ergeshov, Timur"]
[Black "Sosnovskiy, Ivan"]
[Result "1-0"]
[BlackElo "2061"]
[WhiteElo "2276"]
[LiveChessVersion "1.4.8"]

1. d4 {[%clk 1:21:52]} d5 {[%clk 1:30:50]} 2. c4 {[%clk 1:22:11]} e6
{[%clk 1:31:06]} 3. Nc3 {[%clk 1:22:30]} c6 {[%clk 1:31:26]} 4. cxd5
{[%clk 1:22:47]} exd5 {[%clk 1:31:53]} 5. Bf4 {[%clk 1:23:11]} Bd6
{[%clk 1:30:00]} 6. Bg3 {[%clk 1:23:35]} Nf6 {[%clk 1:29:35]} 7. e3
{[%clk 1:23:58]} Bxg3 {[%clk 1:24:45]} 8. hxg3 {[%clk 1:24:22]} Bf5
{[%clk 1:24:21]} 9. Bd3 {[%clk 1:24:36]} Bxd3 {[%clk 1:22:22]} 10. Qxd3
{[%clk 1:25:00]} Qe7 {[%clk 1:21:18]} 11. Nf3 {[%clk 1:25:16]} Nbd7
{[%clk 1:20:57]} 12. Nd2 {[%clk 1:23:35]} h6 {[%clk 1:16:07]} 13. O-O
{[%clk 1:14:08]} O-O {[%clk 1:16:14]} 14. Rfc1 {[%clk 1:14:05]} Rfe8
{[%clk 1:08:09]} 15. Rab1 {[%clk 1:13:18]} a5 {[%clk 1:05:24]} 16. Na4
{[%clk 1:13:28]} Ne4 {[%clk 1:00:33]} 17. Nxe4 {[%clk 1:05:46]} Qxe4
{[%clk 1:00:19]} 18. Qb3 {[%clk 1:01:44]} Reb8 {[%clk 0:57:50]} 19. Nb6
{[%clk 1:00:56]} Nxb6 {[%clk 0:57:53]} 20. Qxb6 {[%clk 1:01:21]} Qe7
{[%clk 0:51:07]} 21. Rc5 {[%clk 1:00:26]} Ra6 {[%clk 0:49:42]} 22. Qb3
{[%clk 1:00:51]} Qd7 {[%clk 0:27:49]} 23. Rbc1 {[%clk 1:00:59]} Rba8
{[%clk 0:23:08]} 24. Qa4 {[%clk 1:01:16]} Qd8 {[%clk 0:15:32]} 25. Qc2
{[%clk 1:01:32]} Qe7 {[%clk 0:15:09]} 26. b3 {[%clk 1:01:28]} g6 {[%clk 0:12:17]}
27. Qd3 {[%clk 0:59:46]} Rb6 {[%clk 0:10:52]} 28. Qc3 {[%clk 0:59:33]} Rba6
{[%clk 0:11:08]} 29. Re1 {[%clk 0:59:41]} Qe6 {[%clk 0:08:18]} 30. e4
{[%clk 0:58:56]} dxe4 {[%clk 0:07:16]} 31. Re5 {[%clk 0:59:12]} Qf6
{[%clk 0:05:11]} 32. R1xe4 {[%clk 0:59:29]} Rd8 {[%clk 0:04:15]} 33. Qe3
{[%clk 0:58:42]} Raa8 {[%clk 0:04:30]} 34. Qxh6 {[%clk 0:58:51]} Qg7
{[%clk 0:04:21]} 35. Qxg7+ {[%clk 0:58:32]} Kxg7 {[%clk 0:04:50]} 36. Re7
{[%clk 0:58:53]} Rab8 {[%clk 0:02:57]} 37. Rf4 {[%clk 0:59:17]} Rf8
{[%clk 0:03:21]} 38. Rc7 {[%clk 0:59:17]} Kg8 {[%clk 0:03:02]} 39. g4
{[%clk 0:59:27]} f6 {[%clk 0:03:08]} 40. f3 {[%clk 0:59:23]} Rf7 {[%clk 0:03:24]}
41. Rxf7 {[%clk 0:59:05]} Kxf7 {[%clk 0:03:53]} 42. Re4 {[%clk 0:59:18]} Rd8
{[%clk 0:03:28]} 43. Kf2 {[%clk 0:59:36]} Rd5 {[%clk 0:02:48]} 44. Ke3
{[%clk 0:59:52]} Rb5 {[%clk 0:02:21]} 45. Kd3 {[%clk 1:00:04]} Rd5
{[%clk 0:02:04]} 46. Kc3 {[%clk 1:00:00]} Rd8 {[%clk 0:02:06]} 47. a3
{[%clk 0:59:45]} Rd5 {[%clk 0:02:33]} 48. Re1 {[%clk 0:59:46]} Rd8
{[%clk 0:02:43]} 49. Kc4 {[%clk 0:58:14]} Rd5 {[%clk 0:03:00]} 50. a4
{[%clk 0:58:31]} Kf8 {[%clk 0:03:08]} 51. Rb1 {[%clk 0:57:59]} Ke7
{[%clk 0:03:04]} 52. Rh1 {[%clk 0:55:58]} Kd6 {[%clk 0:02:47]} 53. Rh8
{[%clk 0:56:27]} b5+ {[%clk 0:02:25]} 54. axb5 {[%clk 0:56:44]} cxb5+
{[%clk 0:02:51]} 55. Kd3 {[%clk 0:56:59]} Kc6 {[%clk 0:02:09]} 56. Rg8
{[%clk 0:52:46]} g5 {[%clk 0:01:53]} 57. Ra8 {[%clk 0:42:03]} Kb6
{[%clk 0:02:17]} 58. g3 {[%clk 0:42:29]} Rd6 {[%clk 0:01:40]} 59. f4
{[%clk 0:42:48]} Rd7 {[%clk 0:01:09]} 60. Rg8 {[%clk 0:41:43]} gxf4
{[%clk 0:01:11]} 61. gxf4 {[%clk 0:42:12]} a4 {[%clk 0:01:15]} 62. bxa4
{[%clk 0:40:57]} bxa4 {[%clk 0:01:15]} 63. Kc4 {[%clk 0:40:57]} Ra7
{[%clk 0:01:15]} 64. Rf8 {[%clk 0:39:55]} Ka5 {[%clk 0:00:46]} 65. Rxf6
{[%clk 0:36:02]} Rc7+ {[%clk 0:01:08]} 66. Kd3 {[%clk 0:36:30]} a3
{[%clk 0:00:59]} 67. Rf8 {[%clk 0:36:55]} Ra7 {[%clk 0:00:59]} 68. Rc8
{[%clk 0:29:00]} a2 {[%clk 0:00:43]} 69. Rc1 {[%clk 0:29:26]} Kb4
{[%clk 0:00:47]} 70. Ra1 {[%clk 0:29:54]} Kb3 {[%clk 0:00:43]} 71. g5
{[%clk 0:30:20]} Kb2 {[%clk 0:00:39]} 72. Rxa2+ {[%clk 0:30:40]} Kxa2
{[%clk 0:00:48]} 73. g6 {[%clk 0:31:05]} Kb3 74. f5 {[%clk 0:31:33]} Kb4
{[%clk 0:00:35]} 75. f6 {[%clk 0:31:42]} 1-0

[Event "Ch_SFO"]
[Site "?"]
[Date "2018.03.17"]
[Round "4.20"]
[White "Batalov, Aleksandr"]
[Black "Kuznetsov, Andrei S"]
[Result "0-1"]
[BlackElo "2259"]
[WhiteElo "2014"]
[LiveChessVersion "1.4.8"]

1. d4 {[%clk 1:30:56]} d5 {[%clk 1:30:30]} 2. Nf3 {[%clk 1:31:21]} Nf6
{[%clk 1:30:50]} 3. e3 {[%clk 1:31:35]} c5 {[%clk 1:30:41]} 4. b3
{[%clk 1:30:53]} Nc6 {[%clk 1:29:40]} 5. Bb2 {[%clk 1:30:20]} cxd4
{[%clk 1:29:36]} 6. Nxd4 {[%clk 1:30:05]} e6 {[%clk 1:26:23]} 7. Bd3
{[%clk 1:29:31]} Bb4+ {[%clk 1:26:28]} 8. Nd2 {[%clk 1:27:39]} O-O
{[%clk 1:24:55]} 9. O-O {[%clk 1:26:52]} Re8 {[%clk 1:24:26]} 10. N2f3
{[%clk 1:23:49]} Bd6 {[%clk 1:24:28]} 11. Nxc6 {[%clk 1:10:55]} bxc6
{[%clk 1:24:56]} 12. Ne5 {[%clk 1:10:33]} Qc7 {[%clk 1:22:19]} 13. f4
{[%clk 1:09:29]} c5 {[%clk 1:21:00]} 14. Rf3 {[%clk 1:06:58]} Ne4
{[%clk 1:17:59]} 15. Bxe4 {[%clk 1:06:01]} dxe4 {[%clk 1:18:27]} 16. Rg3
{[%clk 1:04:09]} Rd8 {[%clk 1:12:41]} 17. Qh5 {[%clk 0:52:29]} g6
{[%clk 1:09:15]} 18. Rd1 {[%clk 0:32:58]} Ba6 {[%clk 1:06:56]} 19. c4
{[%clk 0:32:29]} Bf8 {[%clk 1:06:27]} 20. Rxd8 {[%clk 0:27:10]} Rxd8
{[%clk 0:57:06]} 21. Ng4 {[%clk 0:25:23]} Rd1+ {[%clk 0:53:22]} 22. Kf2
{[%clk 0:25:39]} Rd2+ {[%clk 0:53:21]} 23. Ke1 {[%clk 0:25:35]} Rxb2
{[%clk 0:52:53]} 24. Nf6+ {[%clk 0:25:54]} Kg7 {[%clk 0:53:19]} 25. Qxh7+
{[%clk 0:25:49]} Kxf6 {[%clk 0:53:47]} 26. Qh4+ {[%clk 0:26:04]} Kg7
{[%clk 0:52:54]} 27. Rh3 {[%clk 0:26:12]} Qa5+ {[%clk 0:52:57]} 28. Kf1
{[%clk 0:25:37]} Rb1+ {[%clk 0:53:14]} 0-1

[Event "Ch_SFO"]
[Site "?"]
[Date "2018.03.18"]
[Round "5.1"]
[White "Loskutova, Viktoriya"]
[Black "Maletina, Tatiana"]
[Result "1/2-1/2"]
[BlackElo "2214"]
[WhiteElo "2027"]
[LiveChessVersion "1.4.8"]

1. e4 {[%clk 1:30:30]} e6 {[%clk 1:30:52]} 2. d4 {[%clk 1:30:57]} d5
{[%clk 1:31:19]} 3. Nc3 {[%clk 1:31:24]} Bb4 {[%clk 1:31:17]} 4. exd5
{[%clk 1:31:48]} exd5 {[%clk 1:31:25]} 5. Bd3 {[%clk 1:32:14]} Nc6
{[%clk 1:28:53]} 6. a3 {[%clk 1:32:36]} Bxc3+ {[%clk 1:28:16]} 7. bxc3
{[%clk 1:33:05]} Nf6 {[%clk 1:20:52]} 8. Qf3 {[%clk 1:33:19]} Bg4
{[%clk 1:18:08]} 9. Qg3 {[%clk 1:30:58]} Qe7+ {[%clk 1:18:04]} 10. Qe3
{[%clk 1:30:55]} Qxe3+ {[%clk 1:13:34]} 11. Bxe3 {[%clk 1:29:34]} O-O
{[%clk 1:14:00]} 12. f3 {[%clk 1:29:46]} Rfe8 {[%clk 1:10:33]} 13. Kf2
{[%clk 1:30:08]} Be6 {[%clk 1:09:35]} 14. Ne2 {[%clk 1:26:55]} Na5
{[%clk 1:09:54]} 15. Nc1 {[%clk 1:16:10]} Nc4 {[%clk 1:09:01]} 16. Nb3
{[%clk 1:16:31]} b6 {[%clk 0:59:47]} 17. Nd2 {[%clk 1:08:39]} c6 {[%clk 0:57:53]}
18. Bg5 {[%clk 1:02:51]} Nb2 {[%clk 0:50:45]} 19. Bxf6 {[%clk 0:54:26]} gxf6
{[%clk 0:50:38]} 20. g4 {[%clk 0:52:59]} Nxd3+ {[%clk 0:49:46]} 21. cxd3
{[%clk 0:53:27]} f5 {[%clk 0:49:43]} 22. h3 {[%clk 0:53:46]} f6 {[%clk 0:47:10]}
23. Nf1 {[%clk 0:50:49]} f4 {[%clk 0:47:17]} 24. Nd2 {[%clk 0:51:07]} Bf7
{[%clk 0:47:36]} 25. Nb3 {[%clk 0:50:32]} Re3 {[%clk 0:45:27]} 26. Rad1
{[%clk 0:50:54]} Bg6 {[%clk 0:36:46]} 27. Nc1 {[%clk 0:51:06]} Rae8
{[%clk 0:37:12]} 28. Rhe1 {[%clk 0:51:31]} f5 {[%clk 0:37:04]} 29. Ne2
{[%clk 0:49:58]} fxg4 {[%clk 0:33:47]} 30. hxg4 {[%clk 0:50:27]} Rf8
{[%clk 0:28:59]} 31. Nc1 {[%clk 0:50:46]} Rfe8 {[%clk 0:16:08]} 32. Ne2
{[%clk 0:50:00]} Rf8 {[%clk 0:16:34]} 33. Nc1 {[%clk 0:50:26]} Rfe8
{[%clk 0:17:00]} 34. Ne2 {[%clk 0:48:14]} Rf8 {[%clk 0:17:26]} 35. Nc1
{[%clk 0:48:37]} Rfe8 {[%clk 0:17:52]} 1/2-1/2